Szakmai kapcsolatok kialakítása a LinkedIn felületén

Bibliográfiai részletek
Szerző: Koczka Dóra
További közreműködők: Takács Dr. Edit
Dokumentumtípus: Diplomadolgozat
Kulcsszavak:funkciók
kapcsolati tőke
kapcsolatok
Linkedin
szakmai kapcsolatok
Online Access:http://dolgozattar.uni-bge.hu/59559

MARC

LEADER 00000nta a2200000 i 4500
001 dolg59559
005 20260409145229.0
008 260409suuuu hu om 000 hun d
040 |a BGE Dolgozattár Repozitórium  |b hun 
041 |a hu 
100 1 |a Koczka Dóra 
245 1 0 |a Szakmai kapcsolatok kialakítása a LinkedIn felületén  |c Koczka Dóra  |h [elektronikus dokumentum] 
520 3 |a Az online álláskeresés és álláshirdetés az elmúlt évtizedben bevált módszerré vált. Személyes tapasztalatom szerint egyre több ember állítja, hogy a jelentős szakmai kapcsolatok és a megfelelő minőségű kapcsolati tőke megléte mára elengedhetetlen azoknak, akik szakmailag meghatározó szerepet kívánnak betölteni.A közösségi média használatának elterjedésével párhuzamosan kialakultak olyan kifejezetten szakmai közösségi média platformok, amelyek célja nem a magánélet megosztása, hanem a munkavállalói és üzleti kapcsolatok építése, a szakmai tartalmak megosztása és a szakmai kapcsolatok kialakítása.A LinkedIn felületén kialakított kapcsolatok forradalmiasították a hagyományos networking fogalmát.Dolgozatom célja elsősorban az volt, hogy megismerjem a szakemberek motivációit és felhasználói szokásait a LinkedIn oldalán és megszerzett ismereteimmel reflektálni tudjak arra, hogy melyik funkció, illetve annak használata, hogyan segíti elő a kapcsolatok kialakulását. 
695 |a funkciók 
695 |a kapcsolati tőke 
695 |a kapcsolatok 
695 |a Linkedin 
695 |a szakmai kapcsolatok 
700 1 |a Takács Dr. Edit  |e ths 
856 4 0 |u http://dolgozattar.uni-bge.hu/59559/1/Szakdolgozat_Koczka_D%C3%B3ra.pdf  |z Dokumentum-elérés 
856 4 0 |u http://dolgozattar.uni-bge.hu/59559/2/Szakdolgozat%20b%C3%ADr%C3%A1lat%20Koczka%20D%C3%B3ra.pdf  |z Dokumentum-elérés 
856 4 0 |u http://dolgozattar.uni-bge.hu/59559/3/Koczka%20D%C3%B3ra%20konzulens%20b%C3%ADr%C3%A1lat_Tak%C3%A1csEdit.pdf  |z Dokumentum-elérés